000 00490nam a2200193Ia 4500
003 GCL
008 140319s9999 xx 000 0 ara d
040 _aGCL /
_cGCL
082 0 4 _a759
_bج ف
100 1 _aجمال قطب
245 1 0 _aالفن والحرب /
_cجمال قطب
260 _a[S.N] :
_bمكتبة مصر
490 _a
650 0 4 _aالفن
650 0 4 _aالفن والتاريخ
650 0 4 _aالمعارك
650 0 4 _aالفن والحرب
942 _2ddc
_cBK
999 _c55672
_d55672